000 00350nam a22001457a 4500
008 210426b ||||| |||| 00| 0 eng d
020 _a9781269324724
041 _aeng
080 _a541
082 _a541
100 _a12
101 _aKIM
245 _aIntroductory Chemistry Concepts and Critical Thinking
_cCharles H. Crowin
942 _2udc
_cBK
999 _c56721
_d56721